| 000 | 00656nam a2200229 a 4500 | ||
|---|---|---|---|
| 001 | BRCA_7870 | ||
| 005 | 20190320210031.0 | ||
| 008 | 191113s1965----gw-ab#####---#000-0#ger-# | ||
| 041 | _ager | ||
| 044 | _agw | ||
| 050 | 4 |
_aNK7150 _b.S34 1965 |
|
| 100 | 1 |
_aScheffler, Wolfgang _919472 |
|
| 245 | 1 | 0 |
_aGoldschmiede Niedersachsens _bdaten, werke, zeichen _cWolfgang Scheffler. |
| 260 |
_aBerlín _bW. De Gruyter _c1965 |
||
| 300 |
_a2 v. _bil., 12 láminas, mapas _c24 cm. |
||
| 500 | _aY131 | ||
| 650 | 1 | 4 |
_aOrfebrería _zAlemania _918739 |
| 650 | 1 | 4 |
_aPlatería _zAlemania _914441 |
| 650 | 1 | 4 |
_aMarcas de orfebrería _99229 |
| 902 | _aGFM | ||
| 942 |
_2lcc _cB |
||
| 999 |
_c7544 _d7544 |
||